Úloha audítora pri ohodnocovaní majetku podnikov

Právne úpravy týkajúce sa úlohy audítora pri ohodnocovaní majetku podnikov. Úloha audítora pri ohodnocovaní konkurznej podstaty, pri ohodnocovaní majetku podniku vstupujúceho do likvidácie, pri ohodnocovaní majetku fungujúceho podniku.

Na minha lista:
Detalhes bibliográficos
Autor principal: Šefčík, Miroslav
Formato: Capítulo de Livro
Idioma:eslovaco
Assuntos:
Tags: Adicionar Tag
Sem tags, seja o primeiro a adicionar uma tag!

MARC

LEADER 00000naa a2200000 4500
001 r042218
005 20230801100338.9
041 0 |a slo 
044 |a SK 
245 1 0 |a Úloha audítora pri ohodnocovaní majetku podnikov  |c Miroslav Šefčík 
520 |a Právne úpravy týkajúce sa úlohy audítora pri ohodnocovaní majetku podnikov. Úloha audítora pri ohodnocovaní konkurznej podstaty, pri ohodnocovaní majetku podniku vstupujúceho do likvidácie, pri ohodnocovaní majetku fungujúceho podniku. 
610 2 0 |a audítorstvo 
610 2 0 |a audit 
610 2 0 |a audítori 
610 2 0 |a konkurzy 
610 2 0 |a likvidácia podniku 
610 2 0 |a majetok podnikový 
610 2 0 |a majetok 
610 2 0 |a úpravy právne 
610 2 0 |a Slovensko 
100 1 |a Šefčík, Miroslav